000 00414nam a2200157Ia 4500
008 090124s9999 xx 000 0 und d
082 _b130494
245 _a फ्रीडम ट्रॅप
250 _a1
260 _c2001
300 _a240
630 _a फ्रीडम ट्रॅप
700 _aमांडे अरुण
730 _a फ्रीडम ट्रॅप
942 _cBOOK
999 _c176583
_d176583